000 00579nam a2200205Ia 4500
005 20250508150833.0
008 008 250505s9999 xx 000 0 eng d
037 _aTextBook
040 _aFEDL
_beng
_cFEDL
041 _aeng
_2eng
084 _a300.7, WES
_qFEDL
100 _aWesley E B
_9757780
245 0 _aTeaching social studies in high schools
260 _aBoston, USA
_bD C Heath and Company
_c1950
300 _a590p
365 _aINR
_b5.1
650 _aSocial Sciences - Teaching
_9619988
942 _cTB
_h300.7, WES
999 _c1325973
_d1325973